Trace France on a Map by Guessing Cities - Statistics

General Stats
  • This quiz has been taken 127 times
    117 since last reset
  • The average score is 23 of 50
Answers on the Map
Answers color-coded by a green-red scale on the quiz's map according to % correct below.
 
Answer Stats
City % Correct
Brest
92%
Dunkirk
85%
Lille
84%
Strasbourg
84%
Calais
83%
Cannes
80%
Marseille
79%
Nice
72%
Ajaccio
66%
Le Havre
65%
Cherbourg-en-Cotentin
58%
Montpellier
58%
Toulon
58%
Colmar
57%
La Rochelle
56%
Évian-les-Bains
53%
Perpignan
53%
Chamonix
52%
Mulhouse
48%
Saint-Malo
47%
Roubaix
45%
Bastia
44%
Sedan
44%
Narbonne
41%
Saint-Nazaire
38%
Saint-Tropez
38%
Bayonne
36%
Étretat
36%
Vannes
35%
Lorient
34%
Béziers
33%
Boulogne-sur-Mer
31%
Honfleur
31%
Menton
31%
Quimper
31%
Les Sables-d'Olonne
30%
Valenciennes
30%
Bonifacio
29%
Granville
29%
Le Touquet
29%
Porto-Vecchio
29%
Antibes
27%
Fréjus
27%
Saint-Jean-de-Luz
27%
Briançon
26%
Montbéliard
26%
Royan
24%
Sélestat
24%
Guérande
23%
Bagnères-de-Luchon
19%
No matching quizzes found
Score Distribution
Percent of People with Each Score
Percentile by Number Answered
Your Score History
You have not taken this quiz since the last reset